|
|
|
|
| LEADER |
00000nab a2200000 a 4500 |
| 001 |
vtls000475488 |
| 003 |
SK-MaSNL |
| 005 |
20260304080730.0 |
| 008 |
250424c1992 xo 0 slo |
| 015 |
|
|
|a SNBRB19rr/mm-uuuuu
|
| 035 |
|
|
|a CL0475622
|
| 035 |
|
|
|a urn:nbn:sk:snk-ab6kcb
|
| 035 |
|
|
|a (uuid)a963ff71-3ccd-4fd5-b77a-b8ef26ec22ac
|
| 035 |
|
|
|a (urnnbn)urn:nbn:sk:snk:ar-0054lq
|
| 040 |
|
|
|a SNKBUCL
|b slo
|c SNKBUCL
|e AACR2
|
| 041 |
0 |
|
|a slo
|
| 044 |
|
|
|a xo
|c SK
|
| 080 |
|
|
|a 615.011
|2 1981
|
| 100 |
1 |
|
|a Synková, A.
|4 aut
|9 1260630
|
| 245 |
1 |
0 |
|a Vplyv zmäkčovadiel na vlastnosti polyakrylátových membrán
|c A. Synková, J. Heinrich
|
| 300 |
|
|
|b Tab. 4, res. angl., lit. 8 zázn. v angl., slov.
|
| 650 |
0 |
7 |
|a membrány polyakrylátové (farm.)
|2 snkbucl
|9 1368407
|
| 650 |
0 |
7 |
|a zmäkčovadlá (farm.)
|2 snkbucl
|9 1260632
|
| 655 |
|
7 |
|a články z novín a časopisov
|2 snkbucl
|9 267496
|
| 700 |
1 |
|
|a Heinrich, J.
|4 aut
|9 423821
|
| 773 |
0 |
|
|t Farmaceutický obzor
|g Roč. 61, č. 12 (1992), s. 603-608
|
| 850 |
|
|
|a Slovenská národná knižnica
|
| 852 |
|
|
|a Slovenská národná knižnica
|
| 954 |
|
|
|a odborná, vedecká literatúra pôvodná (slovenská)
|2 lita
|
| 958 |
|
|
|a article27
|
| 958 |
|
|
|a OND
|
| 958 |
|
|
|a NB
|
| 958 |
|
|
|a RK
|
| 958 |
|
|
|a MI
|
| 958 |
|
|
|a EUIPO
|
| 992 |
|
|
|a RBX
|
| 999 |
|
|
|c 2787921
|d 2789851
|